La crisis de la democracia alemana, de Weimar a Nuremberg
Сохранить в:
| Главный автор: | |
|---|---|
| Формат: | |
| Язык: | испанский |
| Опубликовано: |
Madrid, España
Síntesis
1996
|
| Серии: | Historia Universal Contemporánea,
16 |
| Предметы: | |
| Метки: |
Добавить метку
Нет меток, Требуется 1-ая метка записи!
|
MARC
| LEADER | 00000nam a2200000 a 4500 | ||
|---|---|---|---|
| 001 | UCM0518 | ||
| 003 | CL-VaPUC | ||
| 005 | 20250103132255.0 | ||
| 008 | 020301e19960000SP |||||||||||||||||spa|d | ||
| 999 | |c 299422 |d 299420 | ||
| 040 | |c Pontificia Universidad Católica de Valparaíso | ||
| 082 | 0 | 4 | |a 943.085 DIE 1996 |2 21 |
| 100 | 0 | |a Díez Espinosa, José Ramón |e author |9 467373 | |
| 245 | 1 | 3 | |a La crisis de la democracia alemana, de Weimar a Nuremberg |
| 260 | |a Madrid, España |b Síntesis |c 1996 | ||
| 300 | |a 319 páginas | ||
| 490 | 0 | |a Historia Universal Contemporánea, |v 16 | |
| 583 | |a last modification |c 20020301 00:00:00 |k Rodrigo Vera | ||
| 650 | 7 | |a HISTORIA DE ALEMANIA |2 CL-VaPUC |9 467374 |y SIGLO 20 | |
| 650 | 0 | |a Democracia |z ALEMANIA |9 255256 | |
| 650 | 7 | |a CRISIS ECONOMICA |2 CL-VaPUC |9 467375 |z ALEMANIA | |
| 650 | 0 | |a República de Weimar |y 1918-1930 |z ALEMANIA |9 467376 | |
| 942 | |c BK |2 ddc | ||
| 945 | |d 20020301 00:00:00 |a cmena | ||
| 952 | |0 0 |1 0 |2 ddc |4 0 |6 943_085000000000000_DIE_1996 |7 0 |8 A |9 355955 |a BIBHIS |b BIBHIS |d 2019-11-21 |i 3794199 |o 943.085 DIE 1996 |p 3794199 |r 2025-01-20 |t 1 |w 2019-11-21 |y BK |k HIS | ||